Μελέτη της αναθεώρησης του υφιστάμενου καθεστώτος παρακολούθησης του πληθυσμού του δάκου (Dacus oleae) στη Λέσβο, με τη βοήθεια της εξέλιξης του πληθυσμού του σε χωρικό και χρονικό επίπεδο : μεταπτυχιακή διατριβή

Αποθηκεύτηκε σε:
Λεπτομέρειες βιβλιογραφικής εγγραφής
Κύριος συγγραφέας: Κόττικα, Αικατερίνη
Συγγραφή απο Οργανισμό/Αρχή: Πανεπιστήμιο Αιγαίου Σχολή Περιβάλλοντος Τμήμα Περιβάλλοντος Πρόγραμμα Μεταπτυχιακών Σπουδών Περιβαλλοντική Πολιτική και Διαχείριση
Άλλοι συγγραφείς: Γιούργα, Χριστίνα (Εισηγητής διατριβής)
Μορφή: Thesis Βιβλίο
Γλώσσα:Greek
Δημοσίευση: Μυτιλήνη : Πανεπιστήμιο Αιγαίου, Τμήμα Περιβάλλοντος, Μεταπτυχιακό Πρόγραμμα Σπουδών στην Περιβαλλοντική Πολιτική και Διαχείριση, 2004
Θέματα:
Διαθέσιμο Online:http://hdl.handle.net/11610/14975
Ετικέτες: Προσθήκη ετικέτας
Δεν υπάρχουν, Καταχωρήστε ετικέτα πρώτοι!

MARC

LEADER 00000cam a2200000 i 4500
001 1/81715
008 050720s2004 gre d
035 |l 10079339 
040 |a GR-MY-UA  |b gre  |e aacr 
041 0 |a gre 
082 0 |a 630.1  |2 (22) 
100 1 |a Κόττικα, Αικατερίνη. 
245 1 0 |a Μελέτη της αναθεώρησης του υφιστάμενου καθεστώτος παρακολούθησης του πληθυσμού του δάκου (Dacus oleae) στη Λέσβο, με τη βοήθεια της εξέλιξης του πληθυσμού του σε χωρικό και χρονικό επίπεδο :  |b μεταπτυχιακή διατριβή /  |c Κόττικα Αικατερίνη ; υπεύθυνη καθηγήτρια Χριστίνα Γιούργα 
260 |a Μυτιλήνη :   |b Πανεπιστήμιο Αιγαίου, Τμήμα Περιβάλλοντος, Μεταπτυχιακό Πρόγραμμα Σπουδών στην Περιβαλλοντική Πολιτική και Διαχείριση,   |c 2004 
300 |a 89 σ.;  |b πιν., χάρτες, φωτ., διαγρ.;  |c 30 εκ. 
502 |a Διατριβή (μεταπτυχιακή) – Πανεπιστήμιο Αιγαίου, Λέσβος, 2003. 
504 |a Βιβλιογραφία: 71-75 
650 0 0 |a Agricultural surveys. 
650 0 0 |a Olive  |z Greece  |z Lesbos Island. 
650 0 0 |a Olive  |x Diseases and pests. 
650 0 0 |a Agricultural pests  |x Control. 
650 0 0 |a Dissertations, Academic  |z Greece. 
700 1 |a Γιούργα, Χριστίνα.  |4 ths 
710 2 |a Πανεπιστήμιο Αιγαίου  |b Σχολή Περιβάλλοντος  |b Τμήμα Περιβάλλοντος  |b Πρόγραμμα Μεταπτυχιακών Σπουδών Περιβαλλοντική Πολιτική και Διαχείριση. 
852 |a INST  |b LESVOS  |c DIATR  |e 20050801  |h 193  |p 005100031475  |q 005100031475  |t MTXE  |y 23 
852 |a INST  |b LESVOS  |c DIATR  |e 20050720  |h 194  |p 005100031476  |q 005100031476  |t MTXE  |y 23 
856 |u http://hdl.handle.net/11610/14975 
901 |a BIBL1-2005-2 
909 |a Λ  |b 115352 
909 |a Λ  |b 115353 
924 |a ΚΟΤΤΙΚΑ  |b ΑΙΚΑΤΕΡΙΝΗ  |y ΛΕΣΒΟΣ  |z 2004-10 
970 |a ΜΑΡΙΝΑΤΟΥ  |b ΜΥΡΣΙΝΗ  |z 2005/07/20